000 00444nam a2200157 i 4500
001 26742
003 ES-MaACL
005 20230906153508.0
007 t|
008 030110s1957 sp ||||1| spa d
100 1 _aArredondo, Enrique.
_923237
245 1 0 _aElogio de la limosna /
_cEnrique Arredondo.
260 _aMadrid :
_bEstrella,
_c[1957] (
_fSelecciones Gráficas)
300 _a167 p. ;
_c21 cm.
852 _aES-MaACL
_jC-14034
_bR.41497
999 _c26742
_d26742